000 00727nam a2200181 a 4500
003 0
005 20250513095102.0
008 970101s19uu xx 00 eng d
050 _aPHS BF 724.3.R42
_b.C48 2004
100 _aChua, Patricia Charlaine C.
245 _aPerceptions of high school students from Montessori De Manila on teenage rebellion /
_cPatricia Charlaine C. Chua.
260 _aLas PiƱas City, Philippines :
_bSouthville International School and Colleges,
_c2004.
300 _aunnumbered pages :
_billustrations ;
_c28 cm.
504 _aIncludes bibliographical references.
650 _aRebellion in adolescence
_zPhilippines.
650 _aTeenage behavior
_zPhilippines
_xSocial aspects.
942 _2lcc
_cPASS
999 _c97100
_d97100